Conferencia Internacional sobre Refugiados Centroamericanos: resolución de la 43a. Asamblea General de las Naciones Unidas
La Asamblea de las Naciones Unidas, llevada a cabo en Nueva York acordó, debido a la grave situación de los refugiados centroamericanos y a la repercusión de éstos sobre el desarrollo económico y social de la región, hacer un llamado a la comunidad internacional para que incremente su asistencia a l...
Spremljeno u:
| Autor kompanije: | |
|---|---|
| Format: | Izvještaj sastanka Knjiga |
| Jezik: | Spanish |
| Teme: | |
| Oznake: |
Dodaj oznaku
Bez oznaka, Budi prvi tko označuje ovaj zapis!
|
MARC
| LEADER | 00000nam a22000007a 4500 | ||
|---|---|---|---|
| 003 | cru CIDCACS/IIS | ||
| 005 | 20230206111232.0 | ||
| 008 | 230206b |||||||| |||| 00| 0 spa d | ||
| 040 | |c cru CIDCACS/IIS | ||
| 111 | |9 10898 |a Conferencia Internacional sobre Refugiados Centroamericanos |c (Ciudad de Guatemala: |d 1989 mayo 29-31) | ||
| 245 | |a Conferencia Internacional sobre Refugiados Centroamericanos: |b resolución de la 43a. Asamblea General de las Naciones Unidas | ||
| 300 | |a páginas 19-22 | ||
| 500 | |a Colección Centroamérica | ||
| 520 | |a La Asamblea de las Naciones Unidas, llevada a cabo en Nueva York acordó, debido a la grave situación de los refugiados centroamericanos y a la repercusión de éstos sobre el desarrollo económico y social de la región, hacer un llamado a la comunidad internacional para que incremente su asistencia a los países de asilo y de origen de los refugiados centroamericanos, con el fin de fortalecer la capacidad de proporcionar los medios necesarios para la solución del problema de los refugiados, los repatriados y las personas desplazadas, en concordancia con los programas de desarrollo nacional. Insisten en la necesidad de que la comunidad internacional, las organizaciones gubernamentales y las que no lo son, participen en la conferencia y den su valioso aporte en pos de la solución de este grave problema que afecta a la totalidad de la región, a su vez se invita al Secretario General a que establezca la coordinación necesaria entre la conferencia y la sección del Plan Especial de Cooperación Económica para Centroamérica, concerniente a los refugiados, las personas desplazadas y los repatriados. OB/MR | ||
| 650 | 0 | |9 2860 |a REFUGIADOS | |
| 650 | 0 | |9 495 |a ACNUR | |
| 650 | 4 | |9 3229 |a PLANES DE PAZ | |
| 650 | 0 | |9 38 |a DERECHOS HUMANOS | |
| 650 | 0 | |9 3749 |a ORGANIZACIONES NO GUBERNAMENTALES | |
| 651 | 0 | |9 308 |a CENTROAMERICA | |
| 773 | 0 | |0 42330 |9 8166 |d Guatemala INCEP |o 22462 |t Panorama Centroamericano | |
| 942 | |2 ddc |c PP | ||
| 999 | |c 44704 |d 44704 | ||
